Southville International School and Colleges
Your cart is empty.
  • Cart
  • Lists
    Public lists Eva Luna New books Lux_list list_1
    Your lists Log in to create your own lists
  • Log in to your account
  • Your cookies
  • Search history
Southville International School and Colleges
  • Advanced search
  • Recent comments
  • Most popular
  • Libraries

Log in to your account

Log in with GOOGLE


If you do not have an external account, but do have a local account, you can still log in:

  1. Home
  2. MARC view: Teaching strategies 1:
Normal view MARC view ISBD view

Teaching strategies 1: (Record no. 115861)

[ view plain ]
MARC details
000 -LEADER
fixed length control field 00644nam a22002057a 4500
003 - CONTROL NUMBER IDENTIFIER
control field OSt
005 - DATE AND TIME OF LATEST TRANSACTION
control field 20140508101652.0
008 - FIXED-LENGTH DATA ELEMENTS--GENERAL INFORMATION
fixed length control field 140508b xxu||||| |||| 00| 0 eng d
020 ## - INTERNATIONAL STANDARD BOOK NUMBER
International Standard Book Number 9715740758
050 ## - LIBRARY OF CONGRESS CALL NUMBER
Classification number LB 1025
Item number .Al347 2003
100 ## - MAIN ENTRY--PERSONAL NAME
Personal name Alcantara, Rebecca D.
245 ## - TITLE STATEMENT
Title Teaching strategies 1:
Remainder of title for the teaching of the communication arts, listening, speaking, reading & writing. /
Statement of responsibility, etc Rebecca D. Alcantara.
250 ## - EDITION STATEMENT
Edition statement 3rd ed.
260 ## - PUBLICATION, DISTRIBUTION, ETC. (IMPRINT)
Place of publication, distribution, etc Makati City :
Name of publisher, distributor, etc Katha Publishing Co., Inc,
Date of publication, distribution, etc c2003.
300 ## - PHYSICAL DESCRIPTION
Extent 262 p. :
Dimensions 25 cm.
521 ## - TARGET AUDIENCE NOTE
Target audience note
650 ## - SUBJECT ADDED ENTRY--TOPICAL TERM
Topical term or geographic name as entry element Teaching strategies.
942 ## - ADDED ENTRY ELEMENTS (KOHA)
Source of classification or shelving scheme Library of Congress Classification
Koha item type Books
Call number prefix Filipininana
Holdings
Withdrawn status Lost status Source of classification or shelving scheme Damaged status Home library Current library Shelving location Date acquired Source of acquisition Total Checkouts Full call number Barcode Date last seen Copy number Price effective from Koha item type Cost, normal purchase price Sub Shelving location
    Library of Congress Classification   College Library College Library Filipiniana Section 05/08/2014 Library Fund   LB 1025 .Al347 2003 C7596 05/08/2018 1 05/08/2014 Books    
    Library of Congress Classification   College Library College Library Filipiniana Section 11/11/2015 Library Fund   LB 1025 .Al347 2003 C7616 05/08/2018   11/11/2015 Books 180.00  

Teaching strategies 1:

APA

Alcantara R. D., . (2003). Teaching strategies 1. Makati City: Katha Publishing Co., Inc.

Chicago

Alcantara Rebecca D, . 2003. Teaching strategies 1. Makati City: Katha Publishing Co., Inc.

Harvard

Alcantara R. D., . (2003). Teaching strategies 1. Makati City: Katha Publishing Co., Inc.

MLA

Alcantara Rebecca D, . Teaching strategies 1. Makati City: Katha Publishing Co., Inc. 2003.

  • Place hold
  • Print
  • Cite
  • Add to your cart (remove)
  • Save record
    BIBTEX Dublin Core MARCXML MARC (non-Unicode/MARC-8) MARC (Unicode/UTF-8) MARC (Unicode/UTF-8, Standard) MODS (XML) RIS
  • More searches
    Search for this title in:
    Other Libraries (WorldCat) Other Databases (Google Scholar) Online Stores (Bookfinder.com) Open Library (openlibrary.org)

Exporting to Dublin Core...

SOUTHVILLE LIBRARY

Southville International School and Colleges Library

1281 Tropical Ave. Cor. Luxembourg St., BF Homes International, Las Pinas City

Tel. No. 8256374 / 252358 Loc. 117/146

Powered by Koha